LEADER 01361nam a2200289 4500 001 000000351522 003 CaOOAMICUS 005 20220912122606.0 008 220912s2020 it 000 u ita r 020 $a978-88-6434-385-3 040 $aSeMil$bita 100 1 $aFossati, Roberta.$0(OLS)http://semarc/name/116463 245 10$aVerso l'ignoto :$bdonne moderniste di primo Novecento /$cRoberta Fossati. 264 1$aFirenze :$bNerbini,$c2020. 300 $a139 p. ;$c21 cm 490 1 $aTeologhe e teologie ;$v6 650 4$aDonne [nel] Modernismo.$0(OLS)http://semarc/subject/52823 650 4$aMovimento cattolico femminile - Sec. 18.-19.$0(OLS)http://semarc/subject/52820 650 4$aFemminismo [nel] Cristianesimo - Storia - Sec. 20.$0(OLS)http://semarc/subject/52821 650 4$aDonne cattoliche [e] Donne protestanti [nel] Femminismo.$0(OLS)http://semarc/subject/52822 830 0$aTeologhe e teologie ;$v6.$0(OLS)http://semarc/title/423528 850 $aSeMil 852 $aSeMil$W1$xVenegono$y1$m3N II 806$j234480$B242718$CSeMilBibl$Z2$F242718 $81 996 $6020$a978-88-6434-385-3$9(OLS)http://semarc/number/296666 996 $6245$aVerso l'ignoto :$bdonne moderniste di primo Novecento$9(OLS)http://semarc/title/441318 996 $6264$aFirenze :$bNerbini$9(OLS)http://semarc/publisher/32321 LEADER 01394nam a2200277 i 4500 001 000000211257 003 CaOOAMICUS 005 20120227000000.0 008 120227s1923 xx u000 u lat u 013 $a190070 040 $aSeMil$bita 245 10$aIn Q. Caecilium divinatio ; In C. Verrem actio prima /$crecognovit Alfredus Klotz. 260 $aLipsiae :$bin aedibus B. G. Teubneri,$c1923. 300 $a59 p. ;$c18 cm. 490 0 $aBibliotheca scriptorum graecorum et romanorum Teubneriana 700 1 $aKlotz, Alfred.$0(OLS)http://semarc/name/11802 700 0 $aCicero, Marcus Tullius,$d<106-43 a.C.>.$0(OLS)http://semarc/name/659 773 0 $aCicero, Marcus Tullius <106-43 a.C.>$tM. Tulli Ciceronis scripta quae manserunt omnia.$bEditio maior.$dLipsiae : in aedibus B. G. Teubneri, [185?]$kBibliotheca scriptorum graecorum et romanorum Teubneriana$gVol.5$w()26342 830 0$aBibliotheca scriptorum graecorum et romanorum Teubneriana.$0(OLS)http://semarc/title/35285 850 $aSeMil 852 $aSeMil$W1$xVenegono$y1$m1X II 191 FA$j161700$B161700$CSeMilBibl$Z2$F173018 $8I 900 0 $aCicerone, Marco Tullio. 961 $aOmaggio: Deposito 996 $6245$aIn Q. Caecilium divinatio ; In C. Verrem actio prima$9(OLS)http://semarc/title/305216 996 $6260$aLipsiae :$bin aedibus B. G. Teubneri$9(OLS)http://semarc/publisher/36792